|
|
|
|
| LEADER |
00000cam a2200000 7i4500 |
| 001 |
0000000159 |
| 005 |
20000711.0 |
| 020 |
0 |
0 |
|a 9837203587
|
| 090 |
0 |
0 |
|a 158.1
|b SHE 1999
|
| 100 |
0 |
0 |
|a SHERINA
|
| 245 |
1 |
0 |
|a Kunci kecekapan minda, jilid 1 :
|b Perancang utama kejayaan :
|b falsafah yang dipelopori Napoleon Hill
|c Sherina
|
| 260 |
0 |
0 |
|a Kuala Lumpur :
|b Golden Books Centre ,
|c 1999
|
| 300 |
|
|
|a xi, 399 p. ;
|c 21 cm.
|
| 650 |
0 |
0 |
|a Achievement motivation
|
| 650 |
0 |
0 |
|a Motivation (Psychology)
|
| 650 |
0 |
0 |
|a Success
|x Psychological aspects
|
| 650 |
0 |
0 |
|a Thought and thinking
|
| 999 |
|
|
|a 0000001270
|b Monograph
|c Open Shelf
|e Default branch
|